01509nab a2200421 i 450000100060000000300080000600500170001400600190003100700150005000800410006502200140010603500210012004000310014105000210017208000080019308200170020110000260021824501500024426400470039430000250044131000150046633600310048133700330051233800430054536200500058850000230063850400290066159001640069065000170085465000200087165000170089165500320090870000260094077300230096679700190098985600620100899900170107049369FlNmELB20241216232026.0m o d | cr cnu||||||||131205c20059999ve qr p o 0 b0spa d a1315-2076 a(OCoLC)934390031 aFINmELBbspaerdacFINmELB 4aTP343bR741 2005 a6620 a629.25382231 aRojas, Julio Otoniel.10aBiodegradación de gasoil rango Diesel por un cultivo mixto de bacterias /cJulio Otoniel Rojas, Sylenne A. Moreno M., Marisol C.Rondón Rivas. 1aMaracaibo :bUniversidad del Zulia,c2005. a1 recurso en línea aTrimestral atextobtxt2rdacontent/spa acomputadorabc2rdamedia/spa arecurso en líneabcr2rdacarrier/spa0 aVolumen 13, Número 1 (enero-marzo) (2005) - aContiene índice. aContiene bibliografía. aRecurso electrónico. Santa Fe, Arg.: e-libro, 2015. Disponible vía World Wide Web. El acceso puede estar limitado para las bibliotecas afiliadas a e-libro. 0aMotor fuels. 0aBiodegradation. 4aCombustible. 4aArtículos electrónicos.1 aMoreno M., Sylenne A.0 tCienciax1315-20762 ae-libro, Corp.40uhttps://elibro.net/ereader/politecnicointernacional/16527 c49369d49369